| 000 | 00342 a2200145 4500 | ||
|---|---|---|---|
| 001 | 148887 | ||
| 040 | _cEscola São Tomás de Aquino | ||
| 100 | _aPÁDUA, Lygia Gomes de | ||
| 240 | 1 | 0 |
_aUm repórter de fadas _lpor |
| 245 | 1 | 0 | _aUm repórter de fadas |
| 362 | 0 | _a2008 | |
| 440 | 1 | _aUni Duni | |
| 697 | _a*LITERATURA INFANTO | ||
| 942 | _cBK | ||
| 999 |
_c148887 _d148887 |
||